000 00856nas a2200265 4500
001 BR2012001680
003 BR-BrBNA
005 20231205120303.0
007 ta
008 230509b bl.|||p| |||| 00| 00por d
040 _aBR-BrBNA
_bpor
_cBiblioteca Nacional de Agricultura
041 _a(Pt)
072 _aL70; L73
100 1 _aLopes, G.F.
100 1 _aSouza, F.M. de
100 1 _aRibeiro, L.A.O.
245 1 _aEfeito do enrofloxacino com diclofenaco sódico (Quinotril Plus - Vallée, Brasil)na regressão de lesões podais causadas pelo footrot em ovinos
650 _aOVINO
650 _aDOENÇA ANIMAL
650 _aLESÃO
650 _aVETERINÁRIA
773 0 _tA Hora Veterinária (Brazil)
_xISSN 0101-9163
_g(Mar-Apr 2009), v. 28(168) p. 25-27
_wBR2012001680
909 _a202311
_bLúcia
_c55
_dLúcia Elande
942 _2AGRIS
_n0
_cANA
999 _c217755
_d217755